| 000 | 01676nam0a2200325 4500 | ||
|---|---|---|---|
| 001 | RU\NLR\bibl\33454 | ||
| 005 | 20250615023343.0 | ||
| 010 |
_a5-230-22345-6 _950 |
||
| 021 |
_aRU _b98-43159 _92070 |
||
| 035 | _a(NLR Aleph) 000032609 | ||
| 090 |
_a164528 _c164528 |
||
| 100 | _a19990617d1998 |||y0rusy50 ca | ||
| 101 | 0 | _arus | |
| 102 | _aRU | ||
| 105 | _a||||||||||||| | ||
| 200 | 1 |
_aПрограмма анализа и проектирования свч схем TOUCHSTONE/DOS _eУчеб. пособие _e[Для студентов 5 курса и аспирантов] _fА.А.Курушин, С.И.Подковырин _gМ-во общ. и проф. образования Рос. Федерации (Техн. ун-т) |
|
| 210 |
_aМ. _cМЭИ _d1998 |
||
| 215 |
_a251 с. _cил. _d20 |
||
| 320 | _aБиблиогр.: с.249 | ||
| 606 | 0 |
_aУльтракоротковолновая аппаратура _jРуководства, пособия и т.п. для высшей школы _xПроектирование _xПрименение счетных машин _91820232 _3RU\NLR\auth\661114577 |
|
| 606 | 0 |
_aПриборы СВЧ _jУчебные издания для высших учебных заведений _xПроектирование _xАвтоматизация _92095099 _3RU\NLR\auth\661267711 |
|
| 686 | _aЗ840.4-02-5-05я73-1 | ||
| 700 | 1 |
_aКурушин _bА. А. _gАлександр Александрович _4070 |
|
| 701 | 1 |
_aПодковырин _bС. И. _gСергей Иванович _4070 |
|
| 801 | 0 |
_aRU _bNLR _c19990617 _gPSBO |
|
| 801 | 1 |
_aRU _bNLR _c19990617 |
|
| 852 |
_aNLR _j99-3/5280 |
||
| 942 | _cBOOK | ||
| 980 | _aNB | ||